Library Banner

Silent sabotage : Rescuing our careers, our companies, and o (Record no. 15192)

MARC details
000 -LEADER
fixed length control field 00425nam a2200169Ia 4500
001 - CONTROL NUMBER
control field 14606
008 - FIXED-LENGTH DATA ELEMENTS--GENERAL INFORMATION
fixed length control field 140403s9999 xx 000 0 und d
020 ## - INTERNATIONAL STANDARD BOOK NUMBER
International Standard Book Number 0-8144-0300-x
040 ## - CATALOGING SOURCE
Transcribing agency PK-LaUMT
082 ## - DEWEY DECIMAL CLASSIFICATION NUMBER
Classification number 658.408
Item number MOR-S
100 ## - MAIN ENTRY--PERSONAL NAME
Personal name Morin, William J.
245 ## - TITLE STATEMENT
Title Silent sabotage : Rescuing our careers, our companies, and o
Statement of responsibility, etc Morin, William J.
260 ## - PUBLICATION, DISTRIBUTION, ETC. (IMPRINT)
Date of publication, distribution, etc 1995
300 ## - PHYSICAL DESCRIPTION
Extent 175 p.
546 ## - LANGUAGE NOTE
Language note EN
942 ## - ADDED ENTRY ELEMENTS (KOHA)
Koha item type Books
Holdings
Withdrawn status Lost status Damaged status Not for loan Home library Current library Date acquired Total Checkouts Full call number Barcode Date last seen Price effective from Koha item type
        UMT Main Campus UMT Main Campus 2014-04-03   658.408 MOR-S 16753 2014-04-22 2014-04-22 Books